[Event "XXXV Memorial Edoardo Crespi Magistrale"]
[Site "Milano ITA"]
[Date "2014.12.07"]
[Round "2"]
[White "D'Avino, Gianfranco"]
[Black "Goossens, Hanne"]
[WhiteElo "2137"]
[BlackElo "2090"]
[Result "1/2-1/2"]
[PlyCount "86"]
[EventDate "2014.12.06"]

1. d4 Nf6 2. c4 e6 3. Nf3 c5 4. d5 exd5 5. cxd5 d6 6. Nc3 g6 7. e4 a6 8. a4 Bg4
9. Bf4 Bxf3 10. Qxf3 Bg7 11. Bc4 O-O 12. O-O Qe7 13. Rfe1 Nbd7 14. Qg3 Ne8 15.
Bg5 f6 16. Bd2 Rb8 17. Ra3 Nc7 18. Rb3 Ne5 19. Bf1 b5 20. axb5 axb5 21. f4 Nc4
22. Bc1 Qd7 23. Nxb5 Na5 24. Ra3 Nxb5 25. Rxa5 Nd4 26. Ra6 f5 27. e5 dxe5 28.
fxe5 Qxd5 29. Rd6 Qf7 30. Qc3 Nb5 31. Bc4 Nxc3 32. Bxf7+ Rxf7 33. bxc3 Re7 34.
Rd5 Rbe8 35. Bf4 g5 36. Bxg5 Rxe5 37. Rexe5 Rxe5 38. Rxe5 Bxe5 39. c4 Kf7 40.
Kf2 Ke6 41. h3 Bd6 42. Kf3 Bf8 43. Bf4 Be7 1/2-1/2

[Event "XXXV Memorial Edoardo Crespi Magistrale"]
[Site "Milano ITA"]
[Date "2014.12.07"]
[Round "2"]
[White "Garano, Nicola"]
[Black "Podini, Francesco"]
[WhiteElo "2189"]
[BlackElo "2000"]
[Result "0-1"]
[PlyCount "124"]
[EventDate "2014.12.06"]

1. e4 c5 2. Nf3 d6 3. d4 cxd4 4. Nxd4 Nf6 5. Nc3 a6 6. h3 e6 7. g4 h5 8. g5
Nfd7 9. Be3 Nc6 10. Qd2 g6 11. O-O-O Qc7 12. f4 b5 13. f5 Nde5 14. Qf2 Rb8 15.
Nce2 Rg8 16. Kb1 Bd7 17. Bg2 Bg7 18. Rhf1 Qc8 19. Nxc6 Qxc6 20. Bd4 gxf5 21.
exf5 Qc7 22. f6 Bf8 23. Bxe5 dxe5 24. h4 Rc8 25. Ng3 Rh8 26. Rd2 Qc4 27. Rfd1
Rd8 28. Be4 Bc5 29. Qf3 b4 30. g6 Bd4 31. Nxh5 fxg6 32. Bxg6+ Kf8 33. Bd3 Qc6
34. Be4 Qc7 35. Rg2 Be8 36. Ng7 Bf7 37. h5 a5 38. Qg4 Qb6 39. Nxe6+ Qxe6 40.
Qg7+ Ke8 41. Bc6+ Qxc6 42. Qxh8+ Kd7 43. Qh7 Qxg2 44. Qxf7+ Kc8 45. Qe6+ Kc7
46. f7 Qf3 47. Qc4+ Qc6 48. Qf1 Rf8 49. Qf5 a4 50. Qg6 Qc4 51. Qd3 Qxd3 52.
cxd3 Rxf7 53. Rh1 Kd6 54. h6 Rh7 55. Kc2 Be3 56. Rh4 Bd4 57. b3 a3 58. Kd1 Ke6
59. Ke2 Kf5 60. Rh2 Kg5 61. Rg2+ Kxh6 62. Kf3 Rf7+ 0-1

[Event "XXXV Memorial Edoardo Crespi Magistrale"]
[Site "Milano ITA"]
[Date "2014.12.07"]
[Round "2"]
[White "Iudicello, Giovanni"]
[Black "Battistella, Stefano"]
[WhiteElo "2099"]
[BlackElo "2055"]
[Result "1/2-1/2"]
[PlyCount "128"]
[EventDate "2014.12.06"]

1. e4 g6 2. d4 Bg7 3. Nc3 c6 4. Nf3 d6 5. h3 Nf6 6. Bd3 a5 7. O-O O-O 8. a4 Na6
9. Be3 Nb4 10. Re1 Nxd3 11. Qxd3 Qc7 12. Qd2 Bd7 13. Bh6 e5 14. Rad1 Rfe8 15.
Bxg7 Kxg7 16. Re3 Rad8 17. dxe5 dxe5 18. Rd3 Re7 19. g4 h6 20. Qe3 Rde8 21. Qc5
Bc8 22. Rd6 Nd7 23. Qe3 Nb6 24. b3 Re6 25. R6d3 Nd7 26. Kg2 Nf8 27. Qc5 b6 28.
Qe3 Nd7 29. Qd2 Nc5 30. Rd6 Nb7 31. Rd3 Nc5 32. Rd8 Nb7 33. Rxe8 Rxe8 34. Qe3
Nc5 35. Qd2 Nb7 36. Qe2 Nc5 37. Kg3 Ne6 38. Qd3 Rd8 39. Qc4 Rxd1 40. Nxd1 Nc5
41. Qe2 Qd6 42. Nc3 Ba6 43. Qd2 Qxd2 44. Nxd2 Ne6 45. Nd1 f6 46. f3 Kf7 47. Kf2
b5 48. Nb2 Nf4 49. h4 Ke6 50. c4 b4 51. Nd1 Kd6 52. Ne3 Kc5 53. Nc2 Ne6 54. Ke3
Kd6 55. Ne1 Nc5 56. f4 exf4+ 57. Kxf4 Bc8 58. Nef3 g5+ 59. hxg5 hxg5+ 60. Kg3
Bd7 61. e5+ Ke6 62. exf6 Kxf6 63. Nd4 Ke5 64. N4f3+ Kf6 1/2-1/2

[Event "XXXV Memorial Edoardo Crespi Magistrale"]
[Site "Milano ITA"]
[Date "2014.12.07"]
[Round "2"]
[White "Motola, Jacopo"]
[Black "Alvarado Diaz, Alejandro"]
[WhiteElo "2069"]
[BlackElo "2358"]
[Result "0-1"]
[PlyCount "78"]
[EventDate "2014.12.06"]

1. e4 e5 2. Nf3 Nc6 3. d4 exd4 4. Nxd4 Bc5 5. Nxc6 Qf6 6. Qd2 dxc6 7. Qf4 Be6
8. Bd3 O-O-O 9. Qxf6 Nxf6 10. f3 Nd7 11. Bf4 Bd4 12. Nc3 Nb6 13. Nd1 Na4 14.
Rb1 Nc5 15. Be2 f5 16. c3 Bf6 17. Nf2 fxe4 18. fxe4 Rhe8 19. O-O a6 20. a3 Bb3
21. Bf3 Kb8 22. Rfe1 Ne6 23. Bg3 Bg5 24. Bd1 Ba2 25. Ra1 Bd2 26. Bc2 Bxe1 27.
Rxe1 Nc5 28. b4 Rd2 29. Bd1 Nd3 30. Nxd3 Rxd3 31. e5 Be6 32. Bc2 Rxc3 33. Bxh7
Rxa3 34. Bg6 Rd8 35. Bh4 Rd2 36. Bg5 Rda2 37. Re4 Bd5 38. e6 Bxe4 39. Bxe4 Re2
0-1

[Event "XXXV Memorial Edoardo Crespi Magistrale"]
[Site "Milano ITA"]
[Date "2014.12.07"]
[Round "2"]
[White "Nicolo', Filippo"]
[Black "Ricci, Marco"]
[WhiteElo "2062"]
[BlackElo "2048"]
[Result "1-0"]
[PlyCount "47"]
[EventDate "2014.12.06"]

1. d4 Nf6 2. Nf3 g6 3. Nc3 d5 4. Bf4 Bg7 5. Qd2 Bf5 6. Ne5 Nbd7 7. f3 h5 8.
O-O-O c6 9. Kb1 Nxe5 10. Bxe5 Bh6 11. Qe1 Be3 12. Rd3 Bh6 13. e4 Be6 14. Rd1
O-O 15. h3 Nd7 16. g4 Nxe5 17. dxe5 hxg4 18. hxg4 Bg7 19. Qh4 Re8 20. f4 d4 21.
f5 Qb6 22. f6 exf6 23. exf6 Bxf6 24. Qxf6 1-0

[Event "XXXV Memorial Edoardo Crespi Magistrale"]
[Site "Milano ITA"]
[Date "2014.12.07"]
[Round "2"]
[White "Olea, Liliana"]
[Black "Andreoni, Giuseppe"]
[WhiteElo "1928"]
[BlackElo "2179"]
[Result "1/2-1/2"]
[PlyCount "81"]
[EventDate "2014.12.06"]

1. e4 c5 2. Nf3 d6 3. Bb5+ Nd7 4. c4 a6 5. Ba4 Ngf6 6. Nc3 g6 7. d4 cxd4 8.
Nxd4 Bg7 9. h3 O-O 10. Bxd7 Bxd7 11. b3 Qa5 12. Bd2 Nxe4 13. Nxe4 Qe5 14. Qb1
Bf5 15. Nxf5 gxf5 16. O-O Qxa1 17. Qxa1 Bxa1 18. Nxd6 exd6 19. Rxa1 b5 20. cxb5
axb5 21. a4 bxa4 22. bxa4 Rfc8 23. a5 Ra6 24. Kf1 Kg7 25. Ke2 Kf6 26. Kd3 Ke6
27. Ra4 Kf6 28. Rh4 Kg6 29. Rh6+ Kg7 30. Rh5 Kg6 31. Rh6+ Kg7 32. Rh4 Rc5 33.
Ra4 Kg6 34. Kd4 Kf6 35. Bc3 Ke6 36. Kd3 Rac6 37. Bd4 Rb5 38. a6 Rb3+ 39. Kd2
Rb8 40. a7 Ra8 41. Be3 1/2-1/2

[Event "XXXV Memorial Edoardo Crespi Magistrale"]
[Site "Milano ITA"]
[Date "2014.12.07"]
[Round "2"]
[White "Pavlidis, Anastasios"]
[Black "Brociner, Beniamino"]
[WhiteElo "2354"]
[BlackElo "2202"]
[Result "1-0"]
[PlyCount "51"]
[EventDate "2014.12.06"]

1. e4 c5 2. Nf3 g6 3. d4 cxd4 4. Qxd4 Nf6 5. e5 Nc6 6. Qa4 Nd5 7. Qe4 Nc7 8.
Nc3 Bg7 9. Bf4 b5 10. O-O-O b4 11. Nd5 Ne6 12. Bg3 Rb8 13. h4 Qa5 14. Kb1 Nc5
15. Qf4 O-O 16. h5 b3 17. axb3 d6 18. hxg6 fxg6 19. Qh4 Rxf3 20. gxf3 Rxb3 21.
Qc4 Rxb2+ 22. Kxb2 Kf8 23. Qb5 Nxe5 24. Qxa5 Nc4+ 25. Kc1 Nxa5 26. Nxe7 1-0

[Event "XXXV Memorial Edoardo Crespi Magistrale"]
[Site "Milano ITA"]
[Date "2014.12.07"]
[Round "2"]
[White "Podetti, Davide"]
[Black "Legky, Nikolay A."]
[WhiteElo "2002"]
[BlackElo "2406"]
[Result "0-1"]
[PlyCount "148"]
[EventDate "2014.12.06"]

1. e4 e6 2. d4 d5 3. Nc3 a6 4. Nf3 Nf6 5. Bg5 Be7 6. exd5 exd5 7. Bd3 O-O 8. h3
Be6 9. O-O Nbd7 10. Ne2 h6 11. Bxf6 Nxf6 12. Nf4 Bd7 13. Ne5 Bb5 14. Re1 Bxd3
15. Qxd3 c6 16. Re3 Bd6 17. Rae1 Qc7 18. Qf5 Qc8 19. Qd3 Re8 20. c4 dxc4 21.
Qxc4 Qc7 22. Nfd3 Rad8 23. Nf3 Rxe3 24. Rxe3 Bf8 25. Nc5 Rd5 26. Ne4 Nxe4 27.
Rxe4 Qb6 28. b3 Qb5 29. Re5 Qxc4 30. bxc4 Rxe5 31. Nxe5 f6 32. Nf3 Kf7 33. Kf1
b5 34. cxb5 cxb5 35. Ke2 Ke6 36. Kd3 Kd5 37. Ne1 f5 38. g3 g5 39. Ng2 Ke6 40.
h4 Bd6 41. h5 g4 42. Kc3 a5 43. Ne3 Bc7 44. Kd3 Bd6 45. Kc3 Kf6 46. Nd5+ Kg5
47. Kd3 Kxh5 48. Nc3 b4 49. Nb5 Be7 50. d5 Bc5 51. Nd4 Kg6 52. Kc4 Bb6 53. d6
h5 54. d7 f4 55. Kb5 Bd8 56. Ne6 fxg3 57. fxg3 Be7 58. Kc4 Kf6 59. Nf4 Ke5 60.
Nxh5 Ke6 61. Ng7+ Kxd7 62. Nf5 Bg5 63. Kb5 Ke6 64. Nd4+ Kd5 65. Nb3 Ke4 66.
Nxa5 Kf3 67. Nc4 Be7 68. Ne5+ Kxg3 69. Nc6 Bf8 70. Ne5 Kh3 71. Kc4 g3 72. Kb5
g2 73. Nf3 Kg3 74. Ng1 Bh6 0-1

[Event "XXXV Memorial Edoardo Crespi Magistrale"]
[Site "Milano ITA"]
[Date "2014.12.07"]
[Round "2"]
[White "Rozentalis, Eduardas"]
[Black "Aleksic, Nenad"]
[WhiteElo "2600"]
[BlackElo "2328"]
[Result "1-0"]
[PlyCount "83"]
[EventDate "2014.12.06"]

1. e4 c5 2. Nf3 e6 3. c3 b6 4. d4 Bb7 5. Bd3 Nf6 6. Qe2 d6 7. O-O Be7 8. Re1
Nbd7 9. Nbd2 cxd4 10. cxd4 O-O 11. Nf1 Rc8 12. Ng3 Re8 13. Bd2 Rc7 14. e5 dxe5
15. dxe5 Nd5 16. Rad1 Nc5 17. Bb5 Bc6 18. Bxc6 Rxc6 19. b4 Nd7 20. Nd4 Rc7 21.
b5 Nf8 22. Nc6 Qd7 23. Qg4 Ng6 24. Nh5 a6 25. a4 axb5 26. axb5 Ra8 27. g3 Rcc8
28. h4 Bf8 29. Bh6 Qb7 30. Bxg7 Bxg7 31. Nxg7 Kxg7 32. h5 Nde7 33. Nd4 Rd8 34.
Qg5 Kg8 35. hxg6 hxg6 36. Rd2 Rd7 37. Red1 Rad8 38. Kh2 Rd5 39. Qf6 R8d7 40.
Nc6 Nxc6 41. Rxd5 exd5 42. bxc6 1-0

[Event "XXXV Memorial Edoardo Crespi Magistrale"]
[Site "Milano ITA"]
[Date "2014.12.07"]
[Round "2"]
[White "Stella, Andrea"]
[Black "Arigoni, Bruno"]
[WhiteElo "2410"]
[BlackElo "2029"]
[Result "1-0"]
[PlyCount "65"]
[EventDate "2014.12.06"]

1. Nf3 Nf6 2. c4 e6 3. g3 b6 4. Bg2 Bb7 5. O-O Be7 6. d4 d6 7. Re1 O-O 8. Nc3
Nbd7 9. e4 e5 10. b3 Re8 11. Bb2 Bf8 12. Nd5 Nxd5 13. cxd5 g6 14. Qc2 Rc8 15.
b4 c6 16. dxc6 Bxc6 17. Qb3 Qe7 18. Bh3 Bg7 19. Rac1 Kh8 20. dxe5 dxe5 21. b5
Ba8 22. Rxc8 Rxc8 23. Ba3 Rc5 24. Bxd7 Qxd7 25. Bxc5 bxc5 26. Ng5 Kg8 27. Rd1
Qe7 28. Nxf7 Qxf7 29. Rd8+ Bf8 30. Qxf7+ Kxf7 31. Rxa8 c4 32. Rxa7+ Ke6 33. Rc7
1-0

[Event "XXXV Memorial Edoardo Crespi Magistrale"]
[Site "Milano ITA"]
[Date "2014.12.07"]
[Round "2"]
[White "Tramalloni, Luca"]
[Black "Gedajlovic, Max"]
[WhiteElo "2053"]
[BlackElo "2104"]
[Result "1/2-1/2"]
[PlyCount "159"]
[EventDate "2014.12.06"]

1. d4 Nf6 2. Bg5 c6 3. Nd2 d5 4. Ngf3 Bf5 5. e3 Nbd7 6. Bd3 Bg6 7. Qe2 e6 8.
O-O Be7 9. e4 dxe4 10. Nxe4 Nxe4 11. Bxe7 Qxe7 12. Bxe4 Bxe4 13. Qxe4 O-O 14.
c3 Rfd8 15. Rad1 Nf6 16. Qe2 a5 17. a4 Rab8 18. Ne5 Qc7 19. Qc4 Ne4 20. Rfe1
Nd6 21. Qe2 Nf5 22. Qc4 Rd5 23. Nd3 Rbd8 24. Re5 Rxe5 25. dxe5 Qxe5 26. g4 Qe2
27. Re1 Qxd3 28. Qxd3 Rxd3 29. gxf5 Rd6 30. fxe6 fxe6 31. Re5 Rd1+ 32. Kg2 Rb1
33. Rxa5 Rxb2 34. c4 Rb4 35. c5 e5 36. Ra8+ Kf7 37. Rb8 Ke6 38. a5 Rb5 39. Rg8
Kf7 40. Rb8 Rxa5 41. Rxb7+ Kf6 42. Rc7 Rxc5 43. Kg3 Rc3+ 44. Kg2 h5 45. h3 c5
46. Rc8 c4 47. Rc7 h4 48. Rc8 Rc1 49. Rh8 c3 50. Rxh4 c2 51. Rc4 e4 52. Rc5 Ke6
53. Rc4 Kd5 54. Rc8 Kd4 55. Rd8+ Kc3 56. Rc8+ Kd2 57. Rd8+ Ke2 58. Rc8 Ke1 59.
Rc7 g5 60. Rc8 Ke2 61. Rc7 Kd3 62. Rd7+ Kc4 63. Rc7+ Kd4 64. Rd7+ Ke5 65. Rc7
Kd6 66. Rc8 Ke5 67. Re8+ Kd5 68. Rd8+ Kc6 69. Rc8+ Kd6 70. Rc3 e3 71. fxe3 Ke5
72. Rc8 Ke4 73. Re8+ Kd3 74. Rd8+ Ke2 75. Rc8 Kxe3 76. Re8+ Kd4 77. Rd8+ Ke5
78. Re8+ Kd6 79. Rc8 Kd7 80. Rc3 1/2-1/2

[Event "XXXV Memorial Edoardo Crespi Magistrale"]
[Site "Milano ITA"]
[Date "2014.12.07"]
[Round "2"]
[White "Vanheirzeele, Daniel"]
[Black "Cazzaniga, Walter"]
[WhiteElo "2081"]
[BlackElo "2115"]
[Result "1/2-1/2"]
[PlyCount "52"]
[EventDate "2014.12.06"]

1. d4 Nf6 2. c4 g6 3. Nc3 Bg7 4. e4 d6 5. Nf3 O-O 6. Be2 e5 7. O-O Nc6 8. d5
Ne7 9. Kh1 Ne8 10. Ne1 f5 11. exf5 Nxf5 12. Bd3 c5 13. Nc2 Bd7 14. Ne4 h6 15.
Bd2 b6 16. Qe2 g5 17. Ng3 Nxg3+ 18. fxg3 Nf6 19. Bf5 Bxf5 20. Rxf5 Qd7 21. Rff1
Rae8 22. b3 Qg4 23. Rae1 Qxe2 24. Rxe2 Ng4 25. Rxf8+ Rxf8 26. Kg1 Re8 1/2-1/2

[Event "XXXV Memorial Edoardo Crespi Magistrale"]
[Site "Milano ITA"]
[Date "2014.12.07"]
[Round "2"]
[White "Vezzosi, Paolo"]
[Black "Gabuzyan, Hovhannes"]
[WhiteElo "2291"]
[BlackElo "2565"]
[Result "0-1"]
[PlyCount "50"]
[EventDate "2014.12.06"]

1. d4 Nf6 2. Nf3 g6 3. Bf4 Bg7 4. e3 O-O 5. c4 c5 6. Nc3 cxd4 7. exd4 d5 8. c5
Nc6 9. Be2 Ne4 10. O-O Bf5 11. Qa4 Qd7 12. Bb5 a6 13. Bxc6 Qxc6 14. Qxc6 bxc6
15. Na4 f6 16. Rfe1 Rfe8 17. Re2 e5 18. Be3 Bg4 19. Ree1 Kf7 20. dxe5 fxe5 21.
Nxe5+ Rxe5 22. f3 Nf6 23. fxg4 Nxg4 24. Bf2 Rf5 25. Re2 Kg8 0-1

[Event "XXXV Memorial Edoardo Crespi Magistrale"]
[Site "Milano ITA"]
[Date "2014.12.08"]
[Round "3"]
[White "Aleksic, Nenad"]
[Black "Vanheirzeele, Daniel"]
[WhiteElo "2328"]
[BlackElo "2081"]
[Result "1/2-1/2"]
[PlyCount "59"]
[EventDate "2014.12.06"]

1. e4 c5 2. Nf3 d6 3. d4 cxd4 4. Nxd4 Nf6 5. Nc3 g6 6. Bc4 Bg7 7. h3 O-O 8. O-O
Nc6 9. Be3 Nxe4 10. Bxf7+ Kxf7 11. Nxe4 Nxd4 12. Bxd4 e5 13. Be3 d5 14. Ng3 Kg8
15. Qd2 b6 16. Bh6 Bb7 17. Bxg7 Kxg7 18. f4 Ba6 19. Rf2 Qh4 20. Ne2 Rad8 21.
Qe3 Rde8 22. fxe5 Rxf2 23. Qxf2 Qxf2+ 24. Kxf2 Bxe2 25. Kxe2 Rxe5+ 26. Kd3 Kf6
27. Rf1+ Ke6 28. Rf8 Rg5 29. g4 h5 30. Rf4 1/2-1/2

[Event "XXXV Memorial Edoardo Crespi Magistrale"]
[Site "Milano ITA"]
[Date "2014.12.08"]
[Round "3"]
[White "Alvarado Diaz, Alejandro"]
[Black "Rozentalis, Eduardas"]
[WhiteElo "2358"]
[BlackElo "2600"]
[Result "1/2-1/2"]
[PlyCount "92"]
[EventDate "2014.12.06"]

1. d4 Nf6 2. c4 e6 3. g3 d5 4. Bg2 Be7 5. Nf3 O-O 6. O-O dxc4 7. Qc2 b5 8. a4
b4 9. Qxc4 Bb7 10. Bf4 Nd5 11. Rc1 Nxf4 12. gxf4 Bd6 13. e3 Nd7 14. Ne5 Bxg2
15. Kxg2 c5 16. Nxd7 Qxd7 17. Qb5 Qxb5 18. axb5 cxd4 19. Rc6 Rfd8 20. b6 a5 21.
b7 Rab8 22. Rxa5 Kf8 23. Rb5 Ke7 24. Nd2 dxe3 25. fxe3 Bxf4 26. Nc4 Rd5 27.
Rxb4 Kd7 28. Ra6 Bc7 29. h4 h5 30. Kf3 Rf5+ 31. Ke2 g5 32. hxg5 Rxg5 33. Nd2 h4
34. Rxh4 Rxb7 35. b3 Ke7 36. Kd3 Ba5 37. Ne4 Re5 38. Ke2 Bb6 39. b4 Ba7 40. Ra3
Bb8 41. Nc5 Ra7 42. Rxa7+ Bxa7 43. Rc4 Kd6 44. Ne4+ Kd7 45. Nf6+ Kd8 46. Ne4
Kd7 1/2-1/2

[Event "XXXV Memorial Edoardo Crespi Magistrale"]
[Site "Milano ITA"]
[Date "2014.12.08"]
[Round "3"]
[White "Andreoni, Giuseppe"]
[Black "Motola, Jacopo"]
[WhiteElo "2179"]
[BlackElo "2069"]
[Result "1/2-1/2"]
[PlyCount "49"]
[EventDate "2014.12.06"]

1. e4 d5 2. exd5 Qxd5 3. Nf3 Nf6 4. d4 Bf5 5. Be2 e6 6. O-O c6 7. c4 Qd8 8. Nc3
Be7 9. Bf4 O-O 10. Re1 Na6 11. a3 Nc7 12. Qb3 Qc8 13. Ne5 Rd8 14. Rad1 Nd7 15.
Bf3 Nxe5 16. dxe5 Na6 17. Rxd8+ Bxd8 18. Na4 Be7 19. Rd1 Qc7 20. Qc3 Rd8 21. b4
Rxd1+ 22. Bxd1 Qd8 23. Be2 h6 24. h3 Nc7 25. Nb2 1/2-1/2

[Event "XXXV Memorial Edoardo Crespi Magistrale"]
[Site "Milano ITA"]
[Date "2014.12.08"]
[Round "3"]
[White "Arigoni, Bruno"]
[Black "Iudicello, Giovanni"]
[WhiteElo "2029"]
[BlackElo "2099"]
[Result "0-1"]
[PlyCount "94"]
[EventDate "2014.12.06"]

1. e4 e5 2. Nf3 Nc6 3. Bc4 Bc5 4. b4 Bxb4 5. c3 Ba5 6. O-O d6 7. d4 Bb6 8. a4
a5 9. Qb3 Qf6 10. Bg5 Qg6 11. dxe5 dxe5 12. Nbd2 Nf6 13. Bd5 O-O 14. Bh4 Re8
15. Bg3 Be6 16. Qb5 Bxd5 17. exd5 Na7 18. Qc4 e4 19. Ne5 Qf5 20. Qb3 Rxe5 21.
Bxe5 Qxe5 22. c4 e3 23. Nf3 exf2+ 24. Kh1 Qe3 25. Qb2 Re8 26. Rac1 Nc8 27. c5
Bxc5 28. Qxb7 Bb6 29. Qc6 Ne7 30. Qb5 Nexd5 31. Qc6 Qe6 32. Qb5 Qd7 33. Qb2 Nf4
34. Rcd1 Qg4 35. Rxf2 Bxf2 36. Qxf2 h6 37. h3 Qg6 38. Nh4 Qg5 39. Rf1 Nd3 40.
Qd4 Qd5 41. Qa7 Qc5 42. Qa6 Nf2+ 43. Kh2 N6e4 44. Qe2 Re6 45. Nf3 Qd6+ 46. Kg1
Nxh3+ 47. gxh3 Rg6+ 0-1

[Event "XXXV Memorial Edoardo Crespi Magistrale"]
[Site "Milano ITA"]
[Date "2014.12.08"]
[Round "3"]
[White "Brociner, Beniamino"]
[Black "Olea, Liliana"]
[WhiteElo "2202"]
[BlackElo "1928"]
[Result "1-0"]
[PlyCount "51"]
[EventDate "2014.12.06"]

1. Nf3 d5 2. d4 e6 3. c4 c5 4. cxd5 exd5 5. Nc3 Nf6 6. Bg5 cxd4 7. Nxd4 Nc6 8.
e3 Be7 9. Bb5 Bd7 10. Bxf6 Bxf6 11. Nxd5 Bxd4 12. exd4 O-O 13. O-O Qg5 14. Nc3
Rad8 15. f4 Qe7 16. Bxc6 Bxc6 17. Qd2 Rd7 18. f5 f6 19. Rad1 Rfd8 20. Rf4 b5
21. a3 a5 22. Qe2 Qd6 23. Qe6+ Kf8 24. Qxd6+ Rxd6 25. d5 Bxd5 26. Rfd4 1-0

[Event "XXXV Memorial Edoardo Crespi Magistrale"]
[Site "Milano ITA"]
[Date "2014.12.08"]
[Round "3"]
[White "Cazzaniga, Walter"]
[Black "Nicolo', Filippo"]
[WhiteElo "2115"]
[BlackElo "2062"]
[Result "1-0"]
[PlyCount "71"]
[EventDate "2014.12.06"]

1. d4 d5 2. c4 c6 3. Nc3 Nf6 4. Nf3 dxc4 5. g3 Bf5 6. Bg2 Nbd7 7. O-O e6 8. Nh4
Bg4 9. Qc2 Nb6 10. h3 Bh5 11. g4 Bg6 12. Nxg6 hxg6 13. Rd1 Nfd5 14. e4 Nb4 15.
Qe2 Qh4 16. Bf4 O-O-O 17. Bg3 Qh6 18. b3 Nd3 19. bxc4 Nf4 20. Bxf4 Qxf4 21. c5
Nd7 22. e5 Nb8 23. Ne4 Be7 24. Rab1 Rd7 25. Rb3 f5 26. Nd6+ Bxd6 27. exd6 fxg4
28. Qxe6 Rf8 29. Qxg4 Qxf2+ 30. Kh1 Qxa2 31. Rdb1 Qa6 32. Rxb7 Qxb7 33. Rxb7
Kxb7 34. d5 Rc8 35. dxc6+ Rxc6 36. Qb4+ 1-0

[Event "XXXV Memorial Edoardo Crespi Magistrale"]
[Site "Milano ITA"]
[Date "2014.12.08"]
[Round "3"]
[White "Gabuzyan, Hovhannes"]
[Black "Pavlidis, Anastasios"]
[WhiteElo "2565"]
[BlackElo "2354"]
[Result "1/2-1/2"]
[PlyCount "56"]
[EventDate "2014.12.06"]

1. d4 Nf6 2. Nf3 g6 3. c4 Bg7 4. Nc3 O-O 5. g3 d6 6. Bg2 Nbd7 7. O-O e5 8. b3
Re8 9. e4 c6 10. Be3 exd4 11. Nxd4 Nc5 12. f3 a5 13. Qd2 Nfd7 14. Rfd1 Ne5 15.
Qc2 Qc7 16. Rab1 f5 17. Ndb5 cxb5 18. Nxb5 Qe7 19. Nxd6 fxe4 20. Nxe8 Qxe8 21.
fxe4 Na6 22. h3 Nb4 23. Qe2 Be6 24. Rbc1 Nbc6 25. Rd5 a4 26. Rb5 axb3 27. axb3
Qe7 28. Rd1 Re8 1/2-1/2

[Event "XXXV Memorial Edoardo Crespi Magistrale"]
[Site "Milano ITA"]
[Date "2014.12.08"]
[Round "3"]
[White "Gedajlovic, Max"]
[Black "Podetti, Davide"]
[WhiteElo "2104"]
[BlackElo "2002"]
[Result "1/2-1/2"]
[PlyCount "65"]
[EventDate "2014.12.06"]

1. d4 Nf6 2. Nf3 e6 3. e3 b6 4. Bd3 Bb7 5. Nbd2 d5 6. Ne5 Nbd7 7. f4 Bd6 8. Qf3
Qe7 9. c3 Bxe5 10. fxe5 Ne4 11. O-O f5 12. exf6 Ndxf6 13. Qe2 O-O 14. Nf3 Ng4
15. Bd2 e5 16. Be1 Ng5 17. h3 Nxf3+ 18. Rxf3 e4 19. Rxf8+ Rxf8 20. hxg4 exd3
21. Qxd3 Qg5 22. Bg3 Ba6 23. Qd2 c6 24. a4 Qxg4 25. Bf2 Be2 26. Bg3 Bf3 27. Bf4
Be4 28. a5 b5 29. Rf1 a6 30. Be5 Rxf1+ 31. Kxf1 Qf5+ 32. Qf2 Qxf2+ 33. Kxf2
1/2-1/2

[Event "XXXV Memorial Edoardo Crespi Magistrale"]
[Site "Milano ITA"]
[Date "2014.12.08"]
[Round "3"]
[White "Goossens, Hanne"]
[Black "Garano, Nicola"]
[WhiteElo "2090"]
[BlackElo "2189"]
[Result "1/2-1/2"]
[PlyCount "105"]
[EventDate "2014.12.06"]

1. e4 c5 2. Nf3 e6 3. d4 cxd4 4. Nxd4 a6 5. Bd3 Bc5 6. Nb3 Be7 7. Qg4 g6 8. Qe2
d6 9. Bd2 Nc6 10. Nc3 Nf6 11. Bh6 Ne5 12. f3 b5 13. a3 Bb7 14. Rd1 Qb6 15. Be3
Qc7 16. O-O O-O 17. Qf2 Rac8 18. Bb6 Qb8 19. Ba7 Qc7 20. Bb6 Qd7 21. Be2 Nc4
22. Bxc4 bxc4 23. Na5 Ba8 24. Qd4 e5 25. Qd2 Kg7 26. b4 Rb8 27. Be3 Rfc8 28.
Qf2 Bb7 29. Nxb7 Qxb7 30. Rd2 h6 31. Rfd1 Qc6 32. Nd5 Nxd5 33. Rxd5 Qa4 34. Ra5
Qc6 35. Rad5 Rb5 36. Qd2 h5 37. f4 Bf6 38. Qe2 Rxd5 39. Rxd5 Re8 40. f5 Rd8 41.
h4 Rd7 42. Bc1 Bd8 43. Qd2 Bxh4 44. Qh6+ Kg8 45. fxg6 fxg6 46. Qxg6+ Rg7 47.
Qe6+ Kh7 48. Qh6+ Kg8 49. Be3 Qd7 50. Qxh5 Qh3 51. Qe8+ Kh7 52. Qh5+ Kg8 53.
Qe8+ 1/2-1/2

[Event "XXXV Memorial Edoardo Crespi Magistrale"]
[Site "Milano ITA"]
[Date "2014.12.08"]
[Round "3"]
[White "Legky, Nikolay A."]
[Black "Stella, Andrea"]
[WhiteElo "2406"]
[BlackElo "2410"]
[Result "0-1"]
[PlyCount "96"]
[EventDate "2014.12.06"]

1. d4 Nf6 2. c4 g6 3. Nc3 d5 4. cxd5 Nxd5 5. e4 Nxc3 6. bxc3 Bg7 7. Ba3 O-O 8.
Nf3 Nd7 9. Qb3 c5 10. Be2 cxd4 11. cxd4 Nf6 12. e5 Nd5 13. O-O Bg4 14. Qxb7 Nf4
15. Ba6 Ne6 16. Rad1 Rb8 17. Qe4 Bxf3 18. Qxf3 Nxd4 19. Qe4 Qa5 20. Bxe7 Qxa6
21. Rxd4 Rfe8 22. Bd6 Rb2 23. Ra4 Qb5 24. Rxa7 Bxe5 25. Ra8 Re2 26. Qb1 Rb2 27.
Rxe8+ Qxe8 28. Qa1 Bd4 29. Qd1 Qe4 30. Qc1 Bxf2+ 31. Kh1 Rc2 32. Qg5 Bb6 33. h3
h6 34. Qg3 Rxa2 35. Bf4 h5 36. Bg5 Bc7 37. Bf4 Bxf4 38. Rxf4 Rxg2 39. Rxe4 Rxg3
40. Kh2 Ra3 41. Rb4 Kg7 42. Rb6 Re3 43. Kg2 Rd3 44. Ra6 g5 45. Rb6 f6 46. Rb5
Kg6 47. Ra5 Rd2+ 48. Kf3 h4 0-1

[Event "XXXV Memorial Edoardo Crespi Magistrale"]
[Site "Milano ITA"]
[Date "2014.12.08"]
[Round "3"]
[White "Pelizzola, Danilo"]
[Black "D'Avino, Gianfranco"]
[WhiteElo "2033"]
[BlackElo "2137"]
[Result "1-0"]
[PlyCount "139"]
[EventDate "2014.12.06"]

1. e4 d5 2. exd5 Nf6 3. Nc3 Nxd5 4. Bc4 Nxc3 5. Qf3 e6 6. Qxc3 Nd7 7. Nf3 Qf6
8. Qxf6 Nxf6 9. d4 Be7 10. Bg5 O-O 11. O-O b6 12. Ne5 h6 13. Bh4 g5 14. Bg3 Ne4
15. Rad1 Bb7 16. Rfe1 Rad8 17. Bb5 Nxg3 18. hxg3 Rd6 19. c3 a6 20. Be2 Rdd8 21.
Bf3 Bxf3 22. gxf3 Bf6 23. Ng4 Bg7 24. Ne3 Rd7 25. d5 Rfd8 26. dxe6 fxe6 27. g4
b5 28. Kf1 Rxd1 29. Rxd1 Rxd1+ 30. Nxd1 Kf7 31. Ke2 Kf6 32. Ke3 Ke5 33. b3 Bf8
34. Nb2 c5 35. c4 Bg7 36. Nd3+ Kd6 37. f4 Bd4+ 38. Ke4 gxf4 39. Kxf4 bxc4 40.
bxc4 Kc6 41. f3 Kb6 42. Ne1 Kc6 43. Ke4 Bf6 44. Nd3 Kd6 45. Nc1 Bd8 46. Nb3 Bb6
47. Kf4 Bd8 48. Ke3 Bg5+ 49. f4 Be7 50. Kd3 Bd8 51. Nd2 Be7 52. Ne4+ Kd7 53.
Ng3 Kd6 54. Nh5 Bd8 55. Ke4 Bh4 56. Kd3 Be7 57. Ng3 Bf8 58. Ke4 Bg7 59. Nh5 Bc3
60. g5 hxg5 61. fxg5 Ke7 62. g6 Bb2 63. Kd3 Bd4 64. Kc2 Be5 65. Kb3 Bb8 66. Ka4
Bc7 67. a3 Bb6 68. Kb3 Bc7 69. g7 Kf7 70. Nf6 1-0

[Event "XXXV Memorial Edoardo Crespi Magistrale"]
[Site "Milano ITA"]
[Date "2014.12.08"]
[Round "3"]
[White "Podini, Francesco"]
[Black "Vezzosi, Paolo"]
[WhiteElo "2000"]
[BlackElo "2291"]
[Result "0-1"]
[PlyCount "140"]
[EventDate "2014.12.06"]

1. d4 Nf6 2. Bf4 g6 3. Nf3 Bg7 4. e3 O-O 5. Be2 c5 6. c3 b6 7. O-O Bb7 8. Nbd2
d6 9. h3 Nbd7 10. Re1 a6 11. a4 Qc7 12. Bh2 Rad8 13. c4 e5 14. d5 Rfe8 15. Qc2
Nf8 16. e4 Bc8 17. a5 Bd7 18. axb6 Qxb6 19. Ra3 Ra8 20. Rea1 Ra7 21. Qc3 Rb8
22. b3 Nh5 23. Bf1 Qb7 24. R1a2 Bc8 25. Qe3 Qe7 26. g4 Nf6 27. Bg3 h5 28. g5
N6h7 29. Bh4 f5 30. Kh2 f4 31. Qc3 Nd7 32. Qa5 Bf8 33. Rb2 Rab7 34. Ra4 Nb6 35.
Ra3 Na8 36. Ra1 Nc7 37. Bg2 Rb4 38. Rg1 Qd7 39. Bf1 Be7 40. Rb1 Bd8 41. Qa1 a5
42. Nxe5 dxe5 43. Qxe5 a4 44. Qxf4 Nxd5 45. Qf3 Nc7 46. Qe3 Ne6 47. f4 Bc7 48.
e5 Qd4 49. Qxd4 cxd4 50. Bg3 h4 51. Bf2 axb3 52. Nf3 b2 53. Nxd4 Nxf4 54. Nc6
Bf5 55. Ne7+ Kf7 56. Nxf5 gxf5 57. Bc5 Rb3 58. Bd6 Bxd6 59. exd6 Rc3 60. g6+
Nxg6 61. Bg2 Nf6 62. Rgf1 Rxc4 63. Rf2 Ke6 64. Rfxb2 Rxb2 65. Rxb2 Kxd6 66.
Rb6+ Ke5 67. Rb5+ Kf4 68. Rb3 Ne5 69. Rb6 Rc2 70. Kg1 Ne4 0-1